¿Qué hacer con nuestro cerebro?

I tiakina i:
Ngā taipitopito rārangi puna kōrero
Kaituhi matua: Malabou, Catherine (autora)
Ētahi atu kaituhi: Ruiz Girela, Enrique (traductor)
Hōputu: Pukapuka
Reo:Ingarihi
Pāniora
I whakaputaina: Madrid, España Arena Libros S.L. 2007
Rangatū:Tiempo al tiempo, 12
Ngā marau:
Ngā Tūtohu: Tāpirihia he Tūtohu
Kāore He Tūtohu, Me noho koe te mea tuatahi ki te tūtohu i tēnei pūkete!

MARC

LEADER 00000nam a22000007a 4500
003 CL-VaPUC
005 20210730124809.0
008 210617b ||||| |||| 00| 0 eng d
999 |c 433182  |d 433180 
020 |a 9788495897558 
040 |c Pontificia Universidad Católica de Valparaíso 
041 0 |a spa 
082 0 4 |2 21  |a 612.8 MAL 2007 
100 1 |a Malabou, Catherine  |e autora  |9 861657 
245 1 4 |a ¿Qué hacer con nuestro cerebro? 
260 3 |a Madrid, España  |b Arena Libros S.L.  |c 2007 
300 |a 91 páginas 
490 |a Tiempo al tiempo,  |v  12 
583 |c 20210617  |k Daniel Castañeda 
650 0 0 |a Neurociencia  |x Plasticidad cerebral  |9 861658 
650 0 0 |a Neuropsicología  |x Adaptabilidad  |9 861659 
700 1 |a Ruiz Girela, Enrique  |e traductor  |9 861660 
942 |2 ddc  |c BK 
952 |0 0  |1 0  |2 ddc  |4 0  |6 612_800000000000000_MAL_2007  |7 0  |8 A  |9 578208  |a FDOPOS  |b FDOPOS  |d 2021-06-17  |i 5620651  |o 612.8 MAL 2007  |p 5620651  |r 2025-01-22  |t 1  |w 2021-06-17  |y BK  |k MEL